Estadística para administración y economía
Shranjeno v:
| Main Authors: | , , |
|---|---|
| Format: | Knjiga |
| Jezik: | španščina |
| Izdano: |
Madrid
Pearson Educación
2013
|
| Izdaja: | 8a. ed |
| Teme: | |
| Oznake: |
Označite
Brez oznak, prvi označite!
|
MARC
| LEADER | 00000cam a2200000 a 4500 | ||
|---|---|---|---|
| 001 | UCC1970 | ||
| 003 | CL-VaPUC | ||
| 008 | 171214e20130000sp |||||||||||||||||spa|d | ||
| 020 | |a 9788415552208 | ||
| 082 | 0 | 4 | |a 519.5 |b NEW |2 21 |
| 100 | |a Newbold, Paul |e autor |9 596087 | ||
| 700 | 0 | |a Carlson, William L |e author |9 596088 | |
| 700 | 0 | |a Thorne, Betty M |e author |9 596089 | |
| 245 | 1 | 0 | |a Estadística para administración y economía |
| 250 | |a 8a. ed | ||
| 300 | |a 852 p | ||
| 942 | |c BK | ||
| 945 | |d 20171214 17:05:00 |a arojas | ||
| 260 | |a Madrid |b Pearson Educación |c 2013 | ||
| 650 | 0 | |a Estadística matemática |9 260028 | |
| 650 | 7 | |a PROBABILIDADES Y ESTADISTICA |2 CL-VaPUC |9 522135 | |
| 650 | 7 | |a REGRESION |2 CL-VaPUC |9 596090 | |
| 650 | 0 | |a Análisis de varianza |9 336938 | |
| 583 | |a last modification |c 20171214 17:05:00 |k Rodrigo Vera | ||
| 999 | |c 370294 |d 370292 | ||
| 952 | |0 0 |1 0 |3 erb |4 0 |6 519_500000000000000_NEW_2013 |7 0 |8 A |9 486685 |a BIBING |b BIBING |i 5441854 |l 2 |m 2 |o 519.5 NEW 2013 |p 5441854 |r 2025-01-20 |s 2022-05-06 |w 2019-11-24 |y BK |z Catalogado en:20171214 |k CCI | ||
| 952 | |0 0 |1 0 |3 erb |4 0 |6 519_500000000000000_NEW_2013 |7 0 |8 A |9 486686 |a BIBING |b BIBING |i 5441862 |l 1 |o 519.5 NEW 2013 |p 5441862 |r 2025-01-20 |s 2023-09-20 |w 2019-11-24 |y BK |z Catalogado en:20171214 |k CCI | ||